000 02057cam a2200361 a 4500
999 _c522652
_d522652
001 15578956
003 NUST
005 20181220065958.0
008 090108s2009 vauab b 001 0 eng
010 _a 2008053520
015 _aGBA923824
_2bnb
016 7 _a014921954
_2Uk
020 _a9781565492943 (pbk. : alk. paper)
020 _a9781565492851 (cloth : alk. paper)
035 _a(OCoLC)ocn277203939
038 _awaseem
040 _aDLC
_cDLC
_dBTCTA
_dYDXCP
_dUKM
_dC#P
_dCDX
_dBWX
_dTTU
_dDLC
043 _aa-bg---
050 0 0 _aHN690.6.Z9
_bC66453 2009
082 0 0 _a362.557709
_222
_bSMI
100 1 _aSmillie, Ian.
_912744
245 1 0 _aFreedom from want :
_bthe remarkable success story of BRAC, the global grassroots organization that's winning the fight against poverty /
_cIan Smillie.
260 _aSterling, VA :
_bKumarian Press,
_c2009.
300 _axiii, 285 p. :
_bill., map ;
_c23 cm.
504 _aIncludes bibliographical references (p. 265-267) and index.
505 0 0 _gIntroduction: The
_tage of ambition --
_tSonar Bangla --
_tArms and the man --
_gThe
_tplan --
_gThe
_tproblem --
_tLearning and unlearning --
_tDulling the edge of husbandry? --
_gThe
_tlearning organization --
_gA
_tchicken and egg problem --
_gA
_tsimple solution --
_tOf pink elephants and 9/11 --
_gThe
_tmulberry bush --
_tWater and milk --
_tMillennium Development Goal 6 (Target 8) --
_tEducating Bangladesh --
_tChallenging the frontiers --
_tUniversity --
_tOn being ready --
_gThe
_tdemocratic deficit --
_tAfghanistan --
_gThe
_tsource of the Nile --
_tIn larger freedom.
610 2 0 _aBRAC (Organization)
_912745
650 0 _aRural development
_zBangladesh.
_912746
650 0 _aNon-governmental organizations
_zBangladesh.
_912747
906 _a7
_bcbc
_corignew
_d1
_eecip
_f20
_gy-gencatlg
942 _2ddc
_cBK